Tamak membawa rugi

Bibliographic Details
Format: Book
Published: Selangor : Penerbitan Pelangi Sdn Bhd , 2005
Series:Siri cerita teladan
Subjects:

MARC

LEADER 00000cam a2200000 7i4500
001 0000033196
005 20220105104102.0
008 120914
020 |a 9830009505 
090 0 0 |a JP   |b MOR MAL 
245 1 0 |a Tamak membawa rugi 
260 |a Selangor :   |b Penerbitan Pelangi Sdn Bhd ,   |c 2005 
440 |a Siri cerita teladan 
500 |a Children age 4-6 years old (yellow) 
650 0 |a Moral stories, Malay 
999 |a 0001156801   |b Book   |c Children Collection   |e Cawangan Tmn. Ungku Tun Aminah 
999 |a 0001156802   |b Book   |c Children Collection   |e Cawangan Sri Merlong